Statistiche per Risultati dell'Italia ai Mondiali - Italia 1990

Clicka qui per fare il quiz!

Statistiche generali

  • Questo quiz è stato fatto 5 volte
  • Il punteggio medio è 5 su 6

Statistiche sulle risposte

HintRisposta% Corretto
Italia - Austria1-0
100%
Italia - Stati Uniti1-0
100%
Italia - Cecoslovacchia2-0
100%
Irlanda - Italia0-1
67%
Argentina - Italia5-4 (d.c.r.) (1-1)
67%
Italia - Uruguay2-0
33%

Distribuzione punteggi

Percentile per numero di risposta

Percentuale di utenti per punteggio

I tuoi punteggi nel tempo

Non hai fatto questo quiz